Parecer que dio el General de la artillería don Juan Gutiérrez de la Calzadilla, caballero del orden de Santiago y Capitán General de la presente flota. Copia de acuerdos para la fortificación de la Nueva Veracruz.

Detalles Bibliográficos
Otros Autores: Juan Gutiérrez de la Calzadilla
Formato: Libro
Publicado: Veracruz, 1697
Materias:
Colección:Banco de datos
Acervo:Biblioteca Palafoxiana. Colección de Manuscritos
Descripción Física:4 f. ; 21 x 30 cm.
Tema general:Civil
LEADER 00569nam a22001450004500
035 |a 1749 
245 1 0 |a Parecer que dio el General de la artillería don Juan Gutiérrez de la Calzadilla, caballero del orden de Santiago y Capitán General de la presente flota. Copia de acuerdos para la fortificación de la Nueva Veracruz. 
260 |a Veracruz, 1697 
300 |a 4 f. ; 21 x 30 cm. 
650 1 0 |a Civil 
700 1 |a Juan Gutiérrez de la Calzadilla 
949 |a 32386/007 
942 |c PALAMANU 
943 |g Biblioteca Palafoxiana. Colección de Manuscritos 
999 |c 1069694  |d 1069694